Представление документа в формате RUSMARC

ПолеНазваниеЗначение
  Тип записи a
  Библиографический уровень c
001 Контрольный номер RU/SLIB/B/208777147
005 Дата корректировки 20240322101213.4
010 Индекс ISBN __
d Цена 3000-00; 2-30
100 Данные общей обработки __
a Данные общей обработки 20211025d1990 ma y0rusy028902 ca
101 Язык документа 0_
a Язык текста rus
102 Страна публикации __
a Страна публикации RU
105 Кодированные данные (монография) __
a Кодированные данные (монография) y z 000ay
181 Поле кодированных данных: вид содержания _0
a Код вида содержания (ISBD) i
182 Поле кодированных данных: тип средства _0
a Код типа средства (ISBD) n
200 Заглавие и сведения об ответственности 1_
a Заглавие Мирович ; Княжна Тараканова
f Первые сведения об ответственности Г. П. Данилевский
b Общее обозначение материала Текст
210 Выходные данные 1_
a Место издания М.
c Издательство Худож. лит.
d Дата издания 1990
215 Физическое описание __
a Объем 494 с.
327 Примечание о содержании 0_
a Примечание о содержании Княжна Тараканова
330 Аннотация __
a Аннотация В романе "Мирович" автор отразил мрачную эпоху дворцовых переворотов середины XVIII века.
606 Тематические рубрики __
a Основная рубрика Художественная литература
z Хронологическая подрубрика 19 в.
y Географическая подрубрика Россия
606 Тематические рубрики __
a Основная рубрика Русская литература XIX в. (произведения)
610 Ключевые слова 0_
a Ключевые слова исторические романы; тема войны
686 Индексы других классификаций __
a Классификационный индекс 84(2=411.2)52-4
700 Автор _1
a Фамилия Данилевский
b Имя Г. П.
g Полное личное имя Григорий Петрович
4 Код отношения 070
801 Источник записи _0
a Страна RU
b Организация Муниципальное бюджетное учреждение культуры "Централизованная библиотечная система" г. Сургут (Центральная городская библиотека им. А. С. Пушкина)
g Правила каталогизации КиК/Михайлова
801 Источник записи _1
a Страна RU
b Организация Муниципальное бюджетное учреждение культуры "Централизованная библиотечная система" г. Сургут (Центральная городская библиотека им. А. С. Пушкина)
g Правила каталогизации КиК/Михайлова
852 Данные о местонахождении __
j Шифр хранения 84(2=411.2)52-4
i Авторский знак Д 18
p Инвентарный номер 61586; 40910
901 Тип документа __
t Тип документа x
969 Тип издания __
a Тип издания сборник
990 Данные о заказе (DOS) __
j Количество экземпляров (DOS) 1; 3
t N записи в КСУ для И/У (DOS) 199701; 199101